Estimating for building and civil engineering works (Record no. 85971)
[ view plain ]
| 000 -LEADER | |
|---|---|
| fixed length control field | 00928cam a2200265 4500 |
| 008 - FIXED-LENGTH DATA ELEMENTS--GENERAL INFORMATION | |
| fixed length control field | 090401t1996 xxu||||| |||| 00| 0 eng d |
| 020 ## - INTERNATIONAL STANDARD BOOK NUMBER | |
| International Standard Book Number | 0750627972 |
| 035 ## - SYSTEM CONTROL NUMBER | |
| System control number | (Sirsi) u3925 |
| 041 ## - LANGUAGE CODE | |
| Language code of text/sound track or separate title | eng |
| 050 ## - LIBRARY OF CONGRESS CALL NUMBER | |
| Classification number | 692.5 |
| 100 ## - MAIN ENTRY--PERSONAL NAME | |
| Personal name | Geddes, Spence |
| 245 ## - TITLE STATEMENT | |
| Title | Estimating for building and civil engineering works |
| 250 ## - EDITION STATEMENT | |
| Edition statement | 9th edition |
| 260 ## - PUBLICATION, DISTRIBUTION, ETC. | |
| Place of publication, distribution, etc. | Oxford |
| Name of publisher, distributor, etc. | Butterworth Heinemann |
| Date of publication, distribution, etc. | 1996 |
| 300 ## - PHYSICAL DESCRIPTION | |
| Extent | vi, 313p. ; 24cm. |
| 350 ## - PRICE (NR) (BK AM CF MU VM SE) [OBSOLETE] | |
| Price | 29.5 |
| 520 ## - SUMMARY, ETC. | |
| Summary, etc. | Deals with many of the estimating problems which can arise where building and civil engineering works are carried out and to include comprehensive estimating data within the guidelines of good practice. |
| 650 ## - SUBJECT ADDED ENTRY--TOPICAL TERM | |
| Topical term or geographic name entry element | BUILT ENVIRONMENT-BUILDING CONTRACT FORMS |
| 650 ## - SUBJECT ADDED ENTRY--TOPICAL TERM | |
| Topical term or geographic name entry element | BUILT ENVIRONMENT-BUILDING COSTS |
| 650 ## - SUBJECT ADDED ENTRY--TOPICAL TERM | |
| Topical term or geographic name entry element | ESTIMATING |
| 690 ## - LOCAL SUBJECT ADDED ENTRY--TOPICAL TERM (OCLC, RLIN) | |
| Topical term or geographic name as entry element | BUILT ENVIRONMENT-BUILDING COSTS |
| 700 ## - ADDED ENTRY--PERSONAL NAME | |
| Personal name | John Williams, |
| International Standard Serial Number | Editor |
| 942 ## - ADDED ENTRY ELEMENTS (KOHA) | |
| Suppress in OPAC | 0 |
| 948 ## - LOCAL PROCESSING INFORMATION (OCLC); SERIES PART DESIGNATOR (RLIN) | |
| c (OCLC) | 04/03/1997 |
| Withdrawn status | Lost status | Source of classification or shelving scheme | Damaged status | Not for loan | Home library | Current library | Shelving location | Date acquired | Cost, normal purchase price | Total Checkouts | Full call number | Barcode | Date last seen | Date last checked out | Copy number | Cost, replacement price | Price effective from | Koha item type |
|---|---|---|---|---|---|---|---|---|---|---|---|---|---|---|---|---|---|---|
| Dewey Decimal Classification | London | London | Books | 29/05/1997 | 29.50 | 29 | 692.5 | 30052372 | 06/08/2019 | 11/11/2015 | 1 | 29.50 | 06/08/2019 | Book |